Ekonomická kriminalita organizovaného zločinu v Európskej únii - jedno z významných rizík v rámci medzinárodného obchodu

Globalizačný proces, posilňovanie medzinárodnej spolupráce a vytváranie predpokladov pre rozširovanie nelegálnych aktivít jednotlivcov ako aj skupín. Organizovaný zločin - jedna z najvýznamnejších hrozieb, ktoré ovplyvňujú členské štáty Európskej únie. Špecifiká ekonomickej kriminality organizovanéh...

Ausführliche Beschreibung

Gespeichert in:
Bibliographische Detailangaben
1. Verfasser: Hoľková, Anna
Format: Buchkapitel
Sprache:Slowakisch
Schlagworte:
Tags: Tag hinzufügen
Keine Tags, Fügen Sie das erste Tag hinzu!

MARC

LEADER 00000naa$a2200000$$$4500
001 0102662
005 20240502072120.3
041 0 |a slo 
044 |a SK 
245 1 0 |a Ekonomická kriminalita organizovaného zločinu v Európskej únii - jedno z významných rizík v rámci medzinárodného obchodu  |c Anna Hoľková 
520 |a Globalizačný proces, posilňovanie medzinárodnej spolupráce a vytváranie predpokladov pre rozširovanie nelegálnych aktivít jednotlivcov ako aj skupín. Organizovaný zločin - jedna z najvýznamnejších hrozieb, ktoré ovplyvňujú členské štáty Európskej únie. Špecifiká ekonomickej kriminality organizovaného zločinu na území EÚ. 
610 2 0 |a kriminalita hospodárska 
610 2 0 |a obchod medzinárodný 
610 2 0 |a spolupráca medzinárodná 
610 2 0 |a morálka 
610 2 0 |a podvody 
610 2 0 |a financie 
610 2 0 |a obchod nezákonný 
610 2 0 |a únik daňový 
610 2 0 |a Európska únia 
100 1 |a Hoľková, Anna